000 00595nam a22002297a 4500
003 UA-OsUOA
001 47885
007 ta
008 20070822b un ||||| |||| 00| 0 ukr d
100 _aСуриков И.
090 _a821.161.1
_bС90
942 _cBK
040 _aUA-OsUOA
_brus
_cUA-OsUOA
_dUA-OsUOA
245 _aСобрание стихотворений
300 _a331 с.
955 _a3
041 _arus
080 _a821.161.1
260 _aЛенинград
_c1951
650 7 _a82 Література. Літературознавство
_2UDC
999 _c333986
_d333986